History Quiz

Random History or Century Quiz

19th Century Match-Up Quiz Stats

 Plays Quiz Updated Mar 20, 2016

Challenge
Share
Tweet
Score 0/36 Timer 06:00
12 Plays Today
% Correct
Napoleon
98.5%
Eiffel
98.2%
Karl
97.9%
Suez
95.2%
Leo
94.6%
Wuthering
93.9%
Communist
93.6%
Starry
93.2%
Sitting
91.6%
Oliver
89.9%
Bram
89.6%
Simón
88.1%
Pony
87.7%
Moonlight
87.3%
Crazy
87.2%
Harriet
86.6%
Louisa May
85.9%
Dmitri
85%
% Correct
Anton
84.4%
Monroe
80.1%
Manifest
78.6%
Missouri
77.7%
HMS
76.2%
Ranjit
75.2%
Henrik
75.1%
Shaka
71.6%
Seneca
69.5%
Dred
66.3%
Dreyfus
64.4%
Paris
62.9%
Hong
60.3%
Tammany
59.6%
Ring
53.4%
Empress Dowager
45.4%
Meiji
37.7%
Grito de
35.7%

You're not logged in!

Compare scores with friends on all Sporcle quizzes.
OR
Log In

You Might Also Like...

Show Comments

Extras

Top Quizzes Today


Score Distribution

Your Account Isn't Verified!

In order to create a playlist on Sporcle, you need to verify the email address you used during registration. Go to your Sporcle Settings to finish the process.

Report this User

Report this user for behavior that violates our Community Guidelines.

Details: